| 000 | 00348nam a22001337a 4500 | ||
|---|---|---|---|
| 020 | _qPB. | ||
| 040 | _cFIZZA ISHAQ | ||
| 082 |
_a604.243 _bCOL |
||
| 100 |
_aPHELIS,NEIL SIMMONS H.COLIN. _990384 |
||
| 245 |
_aMANUAL FOR ENGINEERING DRAWING / _cCOLIN H.SIMMONS NEIL PHELIS. |
||
| 260 |
_aNEW YORK ; _c2012. |
||
| 300 | _a369 P. ; | ||
| 942 |
_2ddc _cBK |
||
| 999 |
_c588629 _d588629 |
||